[Event "GCT 2024 Croazia - Rapid"]
[Site "Zagabria"]
[Date "03.07.2025"]
[Round "4R"]
[White "Caruana, Fabiano"]
[Black "Praggnanandhaa, Rameshbabu"]
[Result "1/2-1/2"]
[WhiteTitle "GM"]
[BlackTitle "GM"]
[WhiteElo "2777"]
[BlackElo "2767"]
[WhiteFideId "2020009"]
[BlackFideId "25059530"]
[EventDate "2025.07.02"]

1. e4 e6 2. d4 d5 3. Nc3 Be7 4. Nf3 Nf6 5. e5 Nfd7 6. Ne2 c5 7. c3 Nc6 8. h4 O-O
9. g3 Qa5 10. Bf4 cxd4 11. Nexd4 f6 12. b4 Qa3 13. Nb5 Qb2 14. Rb1 Qxa2 15. exf6
Bxf6 16. Be2 a6 17. Ra1 Qb2 18. O-O Nb6 19. Rb1 Qa2 20. Nc7 Rb8 21. b5 axb5 22.
Ra1 Qb2 23. Nxb5 e5 24. Be3 d4 25. cxd4 exd4 26. Rb1 Qa2 27. Nbxd4 Nd5 28. Nxc6
Nc3 29. Qd6 Nxe2+ 30. Kh2 Ra8 31. Nce5 Bf5 32. Rxb7 Rad8 33. Qc6 Qd5 34. Rb5
Qxc6 35. Nxc6 Bd3 36. Nxd8 Bxb5 37. Ne6 Rc8 38. Re1 Bc4 39. Nc5 Bd5 40. Nd2 Nd4
41. Nd7 Nf3+ 42. Nxf3 Bxf3 43. Nxf6+ gxf6 44. g4 Bxg4 45. Rg1 h5 46. f3 Rc3 47.
fxg4 Rxe3 48. gxh5+ Kh7 49. Rg3 Rxg3 50. Kxg3 Kh6 51. Kf4 Kxh5 52. Kf5 Kxh4 53.
Kxf6 1/2-1/2

[Event "GCT 2024 Croazia - Rapid"]
[Site "Zagabria"]
[Date "03.07.2025"]
[Round "5R"]
[White "Duda, Jan-Krzysztof"]
[Black "Saric, Ivan"]
[Result "1/2-1/2"]
[WhiteTitle "GM"]
[BlackTitle "GM"]
[WhiteElo "2725"]
[BlackElo "2661"]
[WhiteFideId "1170546"]
[BlackFideId "14508150"]
[EventDate "2025.07.02"]

1. e4 c5 2. Nf3 d6 3. d4 cxd4 4. Nxd4 Nf6 5. Nc3 a6 6. Bg5 e6 7. f4 Qb6 8. Nb3
Nbd7 9. Qd2 Be7 10. O-O-O Qc7 11. Bxf6 Nxf6 12. g4 h6 13. Rg1 g5 14. h4 Nd7 15.
hxg5 hxg5 16. e5 d5 17. f5 Nxe5 18. fxe6 fxe6 19. Bg2 Bd7 20. Bxd5 O-O-O 21. Qe3
Kb8 22. Bh1 Nc4 23. Qe4 Bc8 24. Kb1 Bf6 25. Na4 Rd5 26. Rxd5 exd5 27. Qxd5 Rd8
28. Qf3 Bxb2 29. Nxb2 Na3+ 30. Ka1 Nxc2+ 31. Kb1 Na3+ 32. Ka1 Nc2+ 33. Kb1 Na3+
34. Ka1 Nc2+ 35. Kb1 1/2-1/2

[Event "GCT 2024 Croazia - Rapid"]
[Site "Zagabria"]
[Date "03.07.2025"]
[Round "5R"]
[White "Praggnanandhaa, Rameshbabu"]
[Black "Carlsen, Magnus"]
[Result "1/2-1/2"]
[WhiteTitle "GM"]
[BlackTitle "GM"]
[WhiteElo "2767"]
[BlackElo "2837"]
[WhiteFideId "25059530"]
[BlackFideId "1503014"]
[EventDate "2025.07.02"]

1. d4 g6 2. e4 Bg7 3. c4 d6 4. Nc3 e5 5. Nge2 Nf6 6. d5 a5 7. f3 Nfd7 8. h4 h5
9. Be3 Bh6 10. Bxh6 Rxh6 11. Qd2 Rh8 12. Nc1 Na6 13. Nd3 Ndc5 14. O-O-O Bd7 15.
Nf2 Qe7 16. Be2 f5 17. Qe3 O-O-O 18. b3 Rdf8 19. Kb2 Rhg8 20. a3 g5 21. hxg5
Rxg5 22. Rh2 Rfg8 23. Rg1 h4 24. Rxh4 f4 25. Qc1 Rg3 26. Rh2 b6 27. Qd1 Qg7 28.
Bf1 Rh8 29. Rgh1 Rxh2 30. Rxh2 Kb7 31. Qd2 Rg6 32. Nd3 Nxd3+ 33. Bxd3 Rg5 34.
Qf2 Rg6 35. Qg1 Rh6 36. Qh1 Rxh2 37. Qxh2 Nc5 38. Bc2 Na6 39. Bd3 Nc5 40. Bf1
Qg8 41. Be2 Qd8 42. Qh1 Qg8 43. b4 Na4+ 44. Nxa4 Bxa4 45. b5 Qg3 46. Qg1 Ka7 47.
Kc3 Kb7 48. Kd2 Kb8 49. Bd3 Kb7 50. Ke2 Bb3 51. Qh1 a4 52. Kf1 Qg8 53. Qh4 Qa8
54. Qe1 Qh8 55. Kg1 Qd8 56. Be2 Qh8 57. Qc1 Qh4 58. Qd2 Kb8 59. Bd3 Kb7 60. Qf2
Qh8 61. Qe1 Qd8 62. Kf1 Qh8 63. Qf2 Qh1+ 64. Qg1 Qh8 65. Ke2 Qa8 66. Qh1 Qa5 67.
Qc1 Qa8 68. Kd2 Qg8 69. Qg1 Qa8 70. Ke2 Qh8 71. Kd2 Qa8 72. Ke2 Qh8 73. Kd2 Qa8
74. Ke2 Qh8 1/2-1/2

[Event "GCT 2024 Croazia - Rapid"]
[Site "Zagabria"]
[Date "03.07.2025"]
[Round "5R"]
[White "Firouzja, Alireza"]
[Black "Giri, Anish"]
[Result "0-1"]
[WhiteTitle "GM"]
[BlackTitle "GM"]
[WhiteElo "2766"]
[BlackElo "2748"]
[WhiteFideId "12573981"]
[BlackFideId "24116068"]
[EventDate "2025.07.02"]

1. d4 d5 2. g3 Nf6 3. Bg2 e6 4. Nf3 Be7 5. O-O O-O 6. a3 h6 7. c4 c6 8. Nc3 Nbd7
9. Nd2 e5 10. dxe5 Nxe5 11. cxd5 cxd5 12. Nb3 Be6 13. Nd4 Qd7 14. Qb3 Rad8 15.
Nxe6 fxe6 16. e4 d4 17. Ne2 g5 18. Bh3 Kh8 19. Bg2 Bc5 20. h3 d3 21. Nc3 Nh5 22.
Be3 Bxe3 23. fxe3 Nxg3 24. Rxf8+ Rxf8 25. Qb4 Qf7 26. Qd4 Qf6 27. Kh2 Rd8 28.
Qc5 Ne2 29. Rf1 Qg7 30. Nb5 g4 31. h4 Nf3+ 32. Bxf3 gxf3 0-1

[Event "GCT 2024 Croazia - Rapid"]
[Site "Zagabria"]
[Date "03.07.2025"]
[Round "5R"]
[White "Gukesh, Dommaraju"]
[Black "Caruana, Fabiano"]
[Result "1-0"]
[WhiteTitle "GM"]
[BlackTitle "GM"]
[WhiteElo "2776"]
[BlackElo "2777"]
[WhiteFideId "46616543"]
[BlackFideId "2020009"]
[EventDate "2025.07.02"]

1. Nf3 d5 2. g3 Nf6 3. Bg2 e6 4. c4 Be7 5. b3 O-O 6. Bb2 c5 7. cxd5 Nxd5 8. Nc3
Nc6 9. h4 Nf6 10. O-O e5 11. Rc1 Bf5 12. d3 Rc8 13. Nd2 Be6 14. Nc4 Ng4 15. e3
h5 16. Qe2 a6 17. Rfd1 b5 18. Nd2 f5 19. Nf3 Bf6 20. d4 e4 21. d5 exf3 22. Bxf3
Nce5 23. dxe6 Nxf3+ 24. Qxf3 Qe7 25. Nd5 Qxe6 26. Bxf6 Nxf6 27. Qxf5 Qxf5 28.
Ne7+ Kh7 29. Nxf5 Rc7 30. Nd6 Rd8 31. e4 Rcd7 32. e5 Ne4 33. Re1 Nxd6 34. exd6
Rc8 35. Re5 Kh6 36. Rcxc5 Rxc5 37. Rxc5 Rxd6 38. Kf1 Re6 39. a4 bxa4 40. bxa4 g6
41. a5 Kg7 42. Kg2 Rf6 43. Rc7+ Kh6 44. Ra7 Rc6 45. Kf3 Re6 46. Kf4 Rc6 47. Ke4
Re6+ 48. Kd4 Rd6+ 49. Kc5 Rd2 50. f4 Rc2+ 51. Kd5 Rd2+ 52. Ke5 Re2+ 53. Kd5 Rd2+
54. Kc6 Rd3 55. Rxa6 Rxg3 56. Kb7 Rf3 57. Rf6 Kg7 58. Rc6 Rxf4 59. a6 1-0

[Event "GCT 2024 Croazia - Rapid"]
[Site "Zagabria"]
[Date "03.07.2025"]
[Round "5R"]
[White "So, Wesley"]
[Black "Abdusattorov, Nodirbek"]
[Result "1/2-1/2"]
[WhiteTitle "GM"]
[BlackTitle "GM"]
[WhiteElo "2745"]
[BlackElo "2767"]
[WhiteFideId "5202213"]
[BlackFideId "14204118"]
[EventDate "2025.07.02"]

1. e4 e5 2. Nf3 Nc6 3. Bc4 Nf6 4. d3 Bc5 5. O-O a6 6. c3 Ba7 7. Re1 d6 8. Nbd2
O-O 9. Nf1 Na5 10. Bb3 Nxb3 11. axb3 Ng4 12. d4 exd4 13. Nxd4 Bd7 14. f3 Ne5 15.
Be3 Bxd4 16. Bxd4 Nc6 17. c4 Be6 18. Bf2 a5 19. Ne3 b6 20. f4 f6 21. Nd5 Qd7 22.
Qd2 Rae8 23. Nc3 f5 24. h3 h6 25. exf5 Bxf5 26. Nd5 Qf7 27. Rxe8 Rxe8 28. Re1
Be6 29. Kh2 Kh8 30. f5 Bxd5 31. Qxd5 Qxd5 32. Rxe8+ Qg8 33. Rxg8+ Kxg8 34. Kg3
Ne5 35. Kf4 a4 36. bxa4 Nd3+ 37. Ke3 Nxb2 38. Kd4 Nxa4 39. Kd5 Kf7 40. Bd4 Nc5
41. Kc6 Nb3 42. Bc3 Na5+ 43. Kb5 h5 44. g4 hxg4 45. hxg4 c6+ 46. Kxb6 Nxc4+ 47.
Kxc6 Ne3 48. Kxd6 Nxg4 49. Bxg7 Ne3 50. Bd4 Nxf5+ 1/2-1/2

[Event "GCT 2024 Croazia - Rapid"]
[Site "Zagabria"]
[Date "03.07.2025"]
[Round "6R"]
[White "Giri, Anish"]
[Black "Praggnanandhaa, Rameshbabu"]
[Result "1/2-1/2"]
[WhiteTitle "GM"]
[BlackTitle "GM"]
[WhiteElo "2748"]
[BlackElo "2767"]
[WhiteFideId "24116068"]
[BlackFideId "25059530"]
[EventDate "2025.07.02"]

1. e4 e5 2. Nf3 Nc6 3. Bb5 a6 4. Ba4 d6 5. O-O Bd7 6. d4 b5 7. Bb3 Nxd4 8. Nxd4
exd4 9. c3 dxc3 10. Qd5 Be6 11. Qc6+ Bd7 12. Qd5 Be6 13. Qc6+ Bd7 14. Qd5 1/2-1/2

[Event "GCT 2024 Croazia - Rapid"]
[Site "Zagabria"]
[Date "03.07.2025"]
[Round "6R"]
[White "So, Wesley"]
[Black "Duda, Jan-Krzysztof"]
[Result "1/2-1/2"]
[WhiteTitle "GM"]
[BlackTitle "GM"]
[WhiteElo "2745"]
[BlackElo "2725"]
[WhiteFideId "5202213"]
[BlackFideId "1170546"]
[EventDate "2025.07.02"]

1. e4 e5 2. Nf3 Nc6 3. Bc4 Bc5 4. d3 Nf6 5. O-O d6 6. c3 a5 7. Bg5 h6 8. Bh4 Qe7
9. Re1 Bd7 10. d4 Bb6 11. Na3 g5 12. Bg3 Nh5 13. Bb5 Nxg3 14. hxg3 g4 15. Nh4
exd4 16. Nc4 Ba7 17. Bxc6 bxc6 18. cxd4 O-O 19. e5 Rfe8 20. Nxa5 Qg5 21. Nc4
Rab8 22. b3 h5 23. Rc1 d5 24. e6 Rxe6 25. Rxe6 Bxe6 26. Ne5 Bxd4 27. Nxc6 Bb2
28. Rc2 Rb6 29. Nd4 Bxd4 30. Qxd4 Ra6 31. Kh2 c6 32. f4 gxf3 33. Nxf3 Qg7 34.
Qf4 c5 35. Qb8+ Qf8 36. Qe5 c4 37. bxc4 dxc4 38. Rb2 Ra8 39. Rb5 Bg4 40. Qf6 Re8
41. Rg5+ Kh7 42. Ne5 Re6 43. Qf4 c3 44. Nxg4 hxg4 45. Qf5+ Kh8 46. Rxg4 Rh6+ 47.
Kg1 Qd8 48. Qe5+ f6 49. Qd4 Qxd4+ 50. Rxd4 Rh5 51. Rc4 Ra5 52. Rxc3 Rxa2 53. Rc7
Ra5 54. Kf2 Rf5+ 55. Ke3 Kg8 56. g4 Ra5 57. Kf4 Rb5 58. Rd7 Ra5 59. Ke4 Rg5 60.
Kf4 Ra5 61. Ke4 Rg5 62. Kf4 Ra5 63. Ke4 1/2-1/2

[Event "GCT 2024 Croazia - Rapid"]
[Site "Zagabria"]
[Date "03.07.2025"]
[Round "6R"]
[White "Carlsen, Magnus"]
[Black "Gukesh, Dommaraju"]
[Result "0-1"]
[WhiteTitle "GM"]
[BlackTitle "GM"]
[WhiteElo "2837"]
[BlackElo "2776"]
[WhiteFideId "1503014"]
[BlackFideId "46616543"]
[EventDate "2025.07.02"]

1. c4 e5 2. Nc3 Bb4 3. Nf3 Bxc3 4. dxc3 d6 5. e4 Nd7 6. Bd3 Nc5 7. Bc2 Nf6 8.
Qe2 a5 9. Nd2 g6 10. Nf1 Be6 11. Bg5 h6 12. Bh4 g5 13. Bg3 Qd7 14. f3 Nh5 15.
Ne3 Nf4 16. Qd2 b5 17. Nd5 Bxd5 18. cxd5 Nh5 19. Bf2 Kf8 20. g3 Kg7 21. Be3 Qe7
22. Rg1 Nf6 23. b4 axb4 24. cxb4 Na4 25. Bd3 c6 26. dxc6 d5 27. exd5 Nxd5 28. a3
Rhd8 29. Rc1 Rd6 30. Bxb5 Ndc3 31. Bc5 Nxb5 32. Bxd6 Nxd6 33. Kf2 Nb6 34. Qd3
Qe6 35. Rc5 e4 36. Qd4+ Kg8 37. Rd1 exf3 38. Re5 Qh3 39. Kxf3 Nbc4 40. Ra5 Nxa5
41. bxa5 Qf5+ 42. Kg2 Qc2+ 43. Kg1 Nf5 44. Qd7 Ne3 45. Rd2 Qc1+ 46. Kf2 Ng4+ 47.
Ke2 Ne5 48. Qe7 Nxc6 49. Qe4 Rxa5 0-1

[Event "GCT 2024 Croazia - Rapid"]
[Site "Zagabria"]
[Date "03.07.2025"]
[Round "6R"]
[White "Abdusattorov, Nodirbek"]
[Black "Caruana, Fabiano"]
[Result "0-1"]
[WhiteTitle "GM"]
[BlackTitle "GM"]
[WhiteElo "2767"]
[BlackElo "2777"]
[WhiteFideId "14204118"]
[BlackFideId "2020009"]
[EventDate "2025.07.02"]

1. e4 e5 2. Nf3 Nc6 3. Bc4 Nf6 4. d3 Be7 5. Nc3 d6 6. a3 O-O 7. Be3 Be6 8. Ng5
Bxc4 9. dxc4 Qd7 10. h3 a6 11. Nf3 b5 12. b3 bxc4 13. bxc4 Nd8 14. O-O Ne6 15.
Qd3 Qc6 16. Nd5 Bd8 17. Rfb1 Nd7 18. Nc3 a5 19. Nd2 Ndc5 20. Qd5 Qa6 21. Nb3 Nd7
22. a4 Be7 23. Qb5 c6 24. Qxa6 Rxa6 25. g3 Rb8 26. Nd1 h5 27. h4 g6 28. Nb2 f5
29. exf5 gxf5 30. Nd3 Kf7 31. Nbc1 Raa8 32. Rxb8 Rxb8 33. Nb3 Bd8 34. Bd2 Ra8
35. Rb1 c5 36. Kg2 Bc7 37. Kf1 Nd8 38. Nb2 Nc6 39. Nd1 Nb6 40. Ne3 Ke6 41. Rd1
Bd8 42. Ra1 Bf6 43. Bc3 Bg7 44. Rb1 Nxa4 45. Be1 e4 46. Nd5 Ra7 47. c3 Be5 48.
Nc1 Ne7 49. Nxe7 Kxe7 50. Ne2 Kd7 51. Rb8 Ra6 52. Rf8 Ke6 53. Bd2 Nb2 54. Nf4+
Bxf4 55. Bxf4 a4 56. Bc1 a3 57. Re8+ Kf7 58. Rh8 Nxc4 0-1

[Event "GCT 2024 Croazia - Rapid"]
[Site "Zagabria"]
[Date "03.07.2025"]
[Round "6R"]
[White "Saric, Ivan"]
[Black "Firouzja, Alireza"]
[Result "1/2-1/2"]
[WhiteTitle "GM"]
[BlackTitle "GM"]
[WhiteElo "2661"]
[BlackElo "2766"]
[WhiteFideId "14508150"]
[BlackFideId "12573981"]
[EventDate "2025.07.02"]

1. e4 c5 2. Nf3 d6 3. d4 cxd4 4. Nxd4 Nf6 5. Nc3 a6 6. Bg5 e6 7. f4 Nbd7 8. Qe2
Qc7 9. O-O-O b5 10. a3 Be7 11. Bxf6 Nxf6 12. g4 Nd7 13. g5 Nb6 14. h4 O-O 15. f5
exf5 16. exf5 d5 17. Qf3 b4 18. axb4 Bxb4 19. f6 Bxc3 20. Qxc3 Qxc3 21. bxc3 Bg4
22. Re1 a5 23. Rg1 Bd7 24. h5 Rfe8 25. Rxe8+ Rxe8 26. Bd3 g6 27. hxg6 hxg6 28.
Nb3 a4 29. Nc5 Rc8 30. Nxd7 Nxd7 31. Kb2 Nc5 32. Re1 Kf8 33. Rh1 Kg8 34. Re1 Kf8
35. Rh1 Kg8 36. Re1 1/2-1/2

[Event "GCT 2024 Croazia - Rapid"]
[Site "Zagabria"]
[Date "04.07.2025"]
[Round "7R"]
[White "Praggnanandhaa, Rameshbabu"]
[Black "Saric, Ivan"]
[Result "1-0"]
[WhiteTitle "GM"]
[BlackTitle "GM"]
[WhiteElo "2767"]
[BlackElo "2661"]
[WhiteFideId "25059530"]
[BlackFideId "14508150"]
[EventDate "2025.07.02"]

1. e4 c5 2. Nf3 d6 3. d4 cxd4 4. Nxd4 Nf6 5. Nc3 a6 6. Bg5 e6 7. Qf3 h6 8. Bd2
e5 9. Nf5 Nc6 10. Nd5 Bxf5 11. exf5 Nd4 12. Nxf6+ gxf6 13. Qd3 Qd7 14. c3 Nxf5
15. g3 Ne7 16. Bg2 f5 17. Be3 Rg8 18. O-O-O Rg6 19. Kb1 Rc8 20. h4 b5 21. h5 Rf6
22. Rd2 Nc6 23. Qe2 Be7 24. f4 e4 25. Bh3 d5 26. Rhd1 Rd8 27. Bb6 d4 28. Bxd8
Qxd8 29. cxd4 Qd5 30. Qe3 Nb4 31. Qb3 Qxb3 32. axb3 Nd5 33. Rc1 Bb4 34. Rdc2 e3
35. Re2 Bd2 36. Rc2 Ne7 37. d5 Rd6 38. Bg2 Kd7 39. Rcxd2 exd2 40. Rxd2 Rb6 41.
Kc2 Kd6 42. b4 Rb8 43. Rd3 Rc8+ 44. Kb1 Rb8 45. Ra3 Rb6 46. Kc2 Ng8 47. Bf3 Nf6
48. Rc3 Ne4 49. Bxe4 fxe4 50. Rc5 f5 51. Kc3 a5 52. bxa5 Kxc5 53. axb6 Kxb6 54.
Kd4 Kc7 55. g4 fxg4 56. Kxe4 Kd6 57. b4 g3 58. Kf3 Kxd5 59. Kxg3 Ke6 60. Kf2 Kf6
61. Ke3 Ke6 62. Ke4 Kf6 63. f5 Kg5 64. Ke5 Kxh5 65. f6 Kg6 66. Ke6 1-0

[Event "GCT 2024 Croazia - Rapid"]
[Site "Zagabria"]
[Date "04.07.2025"]
[Round "7R"]
[White "Gukesh, Dommaraju"]
[Black "Giri, Anish"]
[Result "1/2-1/2"]
[WhiteTitle "GM"]
[BlackTitle "GM"]
[WhiteElo "2776"]
[BlackElo "2748"]
[WhiteFideId "46616543"]
[BlackFideId "24116068"]
[EventDate "2025.07.02"]

1. e4 e5 2. Nf3 Nc6 3. Bb5 Nf6 4. d3 d6 5. O-O Be7 6. c3 O-O 7. Re1 Bd7 8. Ba4
h6 9. Nbd2 Re8 10. Nf1 Bf8 11. Ng3 Ne7 12. Bc2 Ng6 13. d4 c5 14. dxc5 dxc5 15.
a4 Qc7 16. Qe2 c4 17. Nf5 Bc5 18. Be3 Be6 19. g3 Red8 20. Red1 a6 21. Rxd8+ Rxd8
22. a5 Ng4 23. Bxc5 Qxc5 24. h3 Nf6 25. Qe3 Rc8 26. Ra4 Qxe3 27. Nxe3 Ne8 28. h4
Rc5 29. Rb4 Rxa5 30. Rxb7 Kf8 31. Rb8 Ke7 32. Rb7+ Kd8 33. Rb8+ Ke7 34. Nd2 Nd6
35. Ra8 Nf8 36. f4 f6 37. Ra7+ Nd7 38. Kf2 Ra2 39. Nd1 Nb5 40. Bb1 Ra5 41. Ra8
Nd6 42. f5 Bf7 43. g4 Nb6 44. Rb8 Nd7 45. Ra8 Nb6 46. Rb8 Nd7 47. Rb4 Rc5 48.
Ra4 a5 49. Ne3 Nb6 50. Ra2 Be8 51. Bc2 a4 52. Nef1 Bc6 53. Ke3 Ra5 54. Ng3 Nd7
55. Nh5 Kf8 56. Nf3 Nc5 57. Ng3 Nf7 58. Ra1 Rb5 59. Ra2 Rb8 60. Nd2 Nd6 61. Nf3
Ke7 62. Nd2 Kf8 63. Nf3 Ke7 64. Nd2 Kf8 1/2-1/2

[Event "GCT 2024 Croazia - Rapid"]
[Site "Zagabria"]
[Date "04.07.2025"]
[Round "7R"]
[White "Duda, Jan-Krzysztof"]
[Black "Abdusattorov, Nodirbek"]
[Result "1/2-1/2"]
[WhiteTitle "GM"]
[BlackTitle "GM"]
[WhiteElo "2725"]
[BlackElo "2767"]
[WhiteFideId "1170546"]
[BlackFideId "14204118"]
[EventDate "2025.07.02"]

1. Nf3 d5 2. g3 g6 3. Bg2 Bg7 4. d4 Nf6 5. O-O O-O 6. c3 a5 7. Bf4 a4 8. Qc1 c5
9. dxc5 Qa5 10. c4 dxc4 11. Ne5 Nh5 12. Nxc4 Nxf4 13. Qxf4 Qxc5 14. Nbd2 Nc6 15.
Rac1 Be6 16. Qc7 Rfc8 17. Qxb7 Rab8 18. Qa6 Nd4 19. Rfe1 Qh5 20. Nf3 Nxf3+ 21.
Bxf3 Qc5 22. Ne3 Qxc1 23. Rxc1 Rxc1+ 24. Kg2 Rxb2 25. Bd5 Bxd5+ 26. Nxd5 Bf8 27.
a3 Rcc2 28. Nf4 Ra2 29. Qxa4 e5 30. Nh3 Rxe2 31. Qc4 h6 32. a4 Rec2 33. Qe4 Re2
34. Qc4 Rac2 35. Qb5 Bc5 36. Kf1 Re4 37. a5 Kg7 38. a6 Rb4 39. Qe8 Rb1+ 40. Kg2
Re2 41. Qa4 Ba7 42. Qd7 Bd4 43. Qa4 Ra1 44. Qc4 Rea2 45. g4 Rxa6 46. g5 h5 47.
Nf4 Ra7 48. Ne2 Rd7 49. Qc6 Raa7 50. Ng3 e4 51. Nxe4 Rd8 52. Nd6 Ra2 53. Ne4 Kg8
54. Qc4 Ra5 55. Qd3 Rad5 56. Qc4 Rf5 57. Qd3 Rdd5 58. Qc4 Kg7 59. Qc2 Rxg5+ 60.
Nxg5 Rxg5+ 61. Kf3 Rf5+ 62. Ke4 Bxf2 63. Qb2+ Kh7 64. h3 Bg3 65. Qg2 Be5 66. Qa2
Kg7 67. Qb3 Bf6 68. Qa2 Re5+ 69. Kd3 Rc5 70. Ke4 Rc3 71. Qg2 h4 72. Qf1 Rg3 73.
Kd5 Re3 74. Qg2 Rg3 75. Qf1 g5 76. Qf5 Re3 77. Kc4 Re5 78. Qf3 Re8 79. Kd3 Kg6
80. Kd2 Rd8+ 81. Ke2 Rd4 82. Ke1 Be5 83. Qc6+ Rd6 84. Qe4+ Kf6 85. Qf3+ Kg7 86.
Qf5 Bg3+ 87. Ke2 Re6+ 88. Kd1 Re5 89. Qd7 Bf4 90. Qd4 Bg3 91. Kd2 Kg6 92. Qd3+
f5 93. Qc4 Kf6 94. Qg8 Bf4+ 95. Kd3 Re7 96. Qf8+ Ke6 97. Ke2 Kd7+ 98. Kf1 Re5
99. Qf6 Rd5 100. Ke2 Kc7 101. Kf1 Re5 102. Kf2 Rc5 103. Kf1 Bc1 104. Ke2 Bf4
105. Kf1 Rd5 106. Ke2 Kd7 107. Kf1 Bd2 108. Ke2 Bf4 109. Kf1 Re5 110. Kf2 Kc7
111. Kf1 Kd7 112. Kf2 Ke8 113. Kf1 Kd7 114. Kf2 Kc7 115. Kf1 Rd5 116. Ke2 Re5+
117. Kf1 Kb7 118. Kf2 Be3+ 119. Kf3 Bf4 120. Kf2 Rc5 121. Ke2 Bc1 122. Qf7+ Kb6
123. Qe6+ Ka5 124. Qa2+ Kb4 125. Qb1+ Ka3 126. Qa1+ Kb3 127. Qb1+ Bb2 128. Qd3+
Bc3 129. Qb1+ Bb2 130. Qd3+ Bc3 131. Qb1+ Kc4 132. Qd3+ Kb4 133. Qb1+ Ka5 134.
Qg1 Kb4 135. Qxg5 Rc4 136. Qxf5 Rd4 137. Ke3 Kc4 138. Qc8+ Kb4 139. Qe6 Ka3 140.
Qb6 Ka4 141. Qb1 Ka3 142. Qb5 Ka2 143. Qc5 Kb3 144. Qxd4 Bxd4+ 145. Kxd4 Kb4
146. Ke4 Kc5 147. Kf4 Kd6 148. Kg4 Ke7 149. Kxh4 Kf7 150. Kg5 Kg7 151. h4 Kh7
152. h5 Kg8 153. Kg6 Kh8 154. h6 Kg8 155. h7+ Kh8 156. Kh6 1/2-1/2

[Event "GCT 2024 Croazia - Rapid"]
[Site "Zagabria"]
[Date "04.07.2025"]
[Round "7R"]
[White "Firouzja, Alireza"]
[Black "So, Wesley"]
[Result "1-0"]
[WhiteTitle "GM"]
[BlackTitle "GM"]
[WhiteElo "2766"]
[BlackElo "2745"]
[WhiteFideId "12573981"]
[BlackFideId "5202213"]
[EventDate "2025.07.02"]

1. e4 e5 2. Nf3 Nc6 3. Bc4 Nf6 4. d3 Be7 5. O-O O-O 6. Nc3 d6 7. a4 Na5 8. Ba2
Nc6 9. Ne2 Bg4 10. c3 d5 11. exd5 Bxf3 12. gxf3 Nxd5 13. a5 Qd6 14. Qa4 Rad8 15.
Ng3 a6 16. Nf5 Qg6+ 17. Qg4 Nf6 18. Qxg6 hxg6 19. Nxe7+ Nxe7 20. Bb1 Nc6 21. Re1
Rfe8 22. Kf1 Rd5 23. b4 Rd6 24. Ra2 Nd5 25. Rc2 Rf6 26. Ba2 Nf4 27. d4 Nd3 28.
Re3 Nxc1 29. Rxc1 Kf8 30. Rce1 Rf5 31. Bd5 Rd8 32. Bxc6 bxc6 33. Rxe5 Rxf3 34.
R1e3 Rxe3 35. fxe3 Rd6 36. h4 f6 37. Rc5 Ke7 38. Ke2 Kd7 39. e4 Re6 40. Kf3 Re8
41. h5 Rh8 42. hxg6 Rh3+ 43. Kf4 Rh4+ 44. Kf3 Rh6 45. d5 cxd5 46. exd5 Rxg6 47.
Rc6 Rh6 48. Ke3 Rh3+ 49. Kd4 Rh8 50. Rxa6 Rf8 51. b5 g5 52. Ra7 g4 53. b6 Rc8
54. Rxc7+ Rxc7 55. bxc7 1-0

[Event "GCT 2024 Croazia - Rapid"]
[Site "Zagabria"]
[Date "04.07.2025"]
[Round "7R"]
[White "Caruana, Fabiano"]
[Black "Carlsen, Magnus"]
[Result "0-1"]
[WhiteTitle "GM"]
[BlackTitle "GM"]
[WhiteElo "2777"]
[BlackElo "2837"]
[WhiteFideId "2020009"]
[BlackFideId "1503014"]
[EventDate "2025.07.02"]

1. e4 c6 2. d4 d5 3. e5 Bf5 4. Nd2 e6 5. Nb3 Nd7 6. Nf3 a6 7. Be2 c5 8. c3 h6 9.
O-O c4 10. Nbd2 b5 11. Ne1 Ne7 12. Nc2 Bh7 13. f4 h5 14. g3 Bxc2 15. Qxc2 g6 16.
Nf3 Nf5 17. Bd2 Be7 18. Kg2 Nb6 19. h3 h4 20. g4 Ng3 21. Rfe1 a5 22. Bd1 b4 23.
Qc1 Qd7 24. Re3 Rb8 25. Be1 Ne4 26. Bc2 Na4 27. Rb1 bxc3 28. bxc3 O-O 29. Qd1
Rb2 30. Rxb2 Nxb2 31. Qe2 Rb8 32. Nxh4 Nd3 33. Bxd3 cxd3 34. Qxd3 Rb2+ 35. Re2
Qb7 36. Nf3 a4 37. h4 a3 38. h5 gxh5 39. gxh5 Rxe2+ 40. Qxe2 Qb2 41. Kf1 Qc1 42.
Qg2+ Kh7 43. h6 Kxh6 44. Qh3+ Kg7 45. Qg2+ Kf8 46. Qh2 Ke8 47. Qg2 Qxf4 48. Ke2
Qc1 49. Kf1 Qd1 50. Qg8+ Bf8 51. Qg2 Nxc3 52. Qf2 Ne4 53. Qe3 Bb4 54. Kg2 Qc2+
55. Kh3 Bxe1 56. Qxe1 Qxa2 57. Qc1 Qf2 0-1

[Event "GCT 2024 Croazia - Rapid"]
[Site "Zagabria"]
[Date "04.07.2025"]
[Round "8R"]
[White "Duda, Jan-Krzysztof"]
[Black "Firouzja, Alireza"]
[Result "1/2-1/2"]
[WhiteTitle "GM"]
[BlackTitle "GM"]
[WhiteElo "2725"]
[BlackElo "2766"]
[WhiteFideId "1170546"]
[BlackFideId "12573981"]
[EventDate "2025.07.02"]

1. e4 c5 2. Nf3 d6 3. d4 cxd4 4. Nxd4 Nf6 5. Nc3 a6 6. Be2 e5 7. Nb3 Be7 8. O-O
O-O 9. Kh1 Nc6 10. f3 a5 11. Be3 a4 12. Nd2 a3 13. Nc4 axb2 14. Rb1 b5 15. Nxb5
Rxa2 16. Bb6 Qd7 17. Nxb2 Ra8 18. Nc4 Ba6 19. Bf2 Rab8 20. Nb6 Qd8 21. Nc3 Bb7
22. Qd2 Nd7 23. Nc4 Nc5 24. Rfd1 Nd4 25. Bxd4 exd4 26. Qxd4 Ne6 27. Qa7 Qc7 28.
Nb5 Qc5 29. Qxc5 dxc5 30. Ne5 Rfd8 31. Rxd8+ Nxd8 32. Bc4 Ba6 33. Nc3 Rxb1+ 34.
Nxb1 Bc8 35. Nd2 Bd6 36. Nd3 Nc6 37. Nb3 Nb4 38. Nxb4 cxb4 39. g3 g5 40. Kg2 Kg7
41. Nc1 f5 42. Nd3 Kf6 43. e5+ Bxe5 44. Nxb4 Bb7 45. Bd5 Bd6 46. Bxb7 Bxb4 47.
g4 fxg4 48. fxg4 Ke5 49. Kf3 Kd4 50. h3 h6 51. Be4 Bd6 52. Bd3 Bc7 53. Be4 Bd6
54. Bd3 Bc7 55. Be4 Bd6 56. Bd3 1/2-1/2

[Event "GCT 2024 Croazia - Rapid"]
[Site "Zagabria"]
[Date "04.07.2025"]
[Round "8R"]
[White "Giri, Anish"]
[Black "Caruana, Fabiano"]
[Result "0-1"]
[WhiteTitle "GM"]
[BlackTitle "GM"]
[WhiteElo "2748"]
[BlackElo "2777"]
[WhiteFideId "24116068"]
[BlackFideId "2020009"]
[EventDate "2025.07.02"]

1. e4 c5 2. Nf3 Nc6 3. Bb5 e6 4. Bxc6 bxc6 5. d3 Qc7 6. Qe2 e5 7. Nfd2 d6 8. O-O
Ne7 9. f4 exf4 10. Rxf4 Ng6 11. Rf1 Be7 12. Nc3 O-O 13. Nc4 f5 14. b3 fxe4 15.
Rxf8+ Bxf8 16. dxe4 Ba6 17. Bb2 Re8 18. Qh5 Bxc4 19. bxc4 Qf7 20. Rf1 Qxc4 21.
Qf5 Ne5 22. Nd5 cxd5 23. Bxe5 dxe4 24. Qd7 Rxe5 25. Qc8 Qd4+ 26. Kh1 h5 27. c3
Qd5 28. c4 Qxc4 29. Rxf8+ Kh7 30. h3 e3 31. Qd8 e2 32. Rh8+ Kg6 33. Qxd6+ Qe6
34. Qd3+ Kf7 35. Qf3+ Rf5 36. Qb7+ Kg6 0-1